000 00951nam a2200289 a 4500
001 BRL_450
005 20190320210740.0
008 140813s1980----mx-a######---#000-0#spa-#
020 _a9683800025
041 _aspa
044 _amx
050 4 _aF1219
_b.S63 1980
100 1 _aSodi M., Demetrio
_922706
245 1 0 _aLas grandes culturas de Mesoamérica
_bdesde la llegada del hombre al Continente Americano hasta la última de las Culturas Prehispánicas
_nDemetrio Sodi M.
260 _aMéxico
_bPanorama editorial
_c1980
300 _a199 p.
_bil.
_c18 cm.
440 0 _aColección Panorama
_922783
500 _aAu477
504 _aBibliografía: p. 195-199
504 _aIncluye dedicatoria a Ruth Lechuga
650 1 4 _aIndígenas de México
_xAntigüedades
_9509
650 1 4 _aIndígenas de México
_xHistoria
_922707
651 4 _aMéxico
_xAntigüedades
_92765
651 4 _aMéxico
_xHistoria
_9614
902 _aGRL
942 _2lcc
_cB
999 _c9262
_d9262